Wuppertaler Stadtbezirke auf einer Karte - Statistiken

Allgemein
  • Dieses Quiz wurde 110 mal gespielt
  • Das Durchschnittsergebnis liegt bei 7 aus 10
Antworten auf der Karte
Die Antworten werden auf der Karte rot bzw. grün angezeigt, abhängig davon wie oft sie richtig erraten wurden.
 
Antwortstatistiken
Nr. Stadtbezirk % Korrekt
5 Barmen
98%
0 Elberfeld
94%
6 Oberbarmen
90%
3 Vohwinkel
80%
4 Cronenberg
70%
9 Ronsdorf
64%
8 Langerfeld-Beyenburg
63%
2 Uellendahl-Katernberg
55%
1 Elberfeld-West
37%
7 Heckinghausen
36%
Keine übereinstimmenden Quizze gefunden
Verteilung der Resultate
Anzahl Personen mit jedem Resultat
Perzentil nach korrekt beantworteten Fragen
Ihre Resultats-Entwicklung
Sie haben dieses Quiz noch nicht gespielt